000
00237nam a2200109 a 4500
005
20140414093832.0
008
970110s19uu xx 00 eng d
050
_a
VHS 900
_b
OR 10
245
_a
Oxford.
942
_c
AVM
999
_c
108776
_d
108776